[Event "Meyreuil Promotion 0405"]
[Site "Meyreuil"]
[Date "2005.03.19"]
[Round "8"]
[White "Wilfert, Fabrice"]
[Black "Gozzo, Jean Claude"]
[Result "1-0"]
[WhiteElo "2013"]
[BlackElo "1590"]
[PlyCount "67"]
[EventDate "2004.10.16"]
[EventType "tourn"]
[EventRounds "9"]
[EventCountry "FRA"]
[SourceTitle "EXT 2008"]
[Source "ChessBase"]
[SourceDate "2007.11.25"]
[SourceVersion "1"]
[SourceVersionDate "2007.11.25"]
[SourceQuality "1"]

1. e4 e6 2. d4 d5 3. Nc3 Nf6 4. Bg5 Bb4 5. e5 h6 6. exf6 hxg5 7. fxg7 Rg8 8. h4 gxh4 9. Qh5 Qf6 10. Qxh4 Qxg7 11. Nf3 Be7 12. Qf4 Bd6 13. Qe3 Bb4 14. 0-0-0 Bxc3 15. Qxc3 f6 16. Bd3 c6 17. Rh7 Qf8 18. Nh4 Nd7 19. Rh1 Nb6 20. Ng6 Qd6 21. Re7+ Kd8 22. Rhh7 Bd7 23. a4 a5 24. Qc5 Kc7 25. b4 Rgd8 26. bxa5 Qxc5 27. dxc5 Nxa4 28. Rxe6 Nxc5 29. Rxf6 Nxd3+ 30. cxd3 Rxa5 31. Ne5 Kc8 32. Rff7 Be8 33. Rxb7 Ra2 34. Rhc7# 1-0

[Event "Provence-ch access Vitrolles 9596"]
[Site "France"]
[Date "1995.??.??"]
[Round "2"]
[White "Diaz, Mickael"]
[Black "Wilfert, Fabrice"]
[Result "1/2-1/2"]
[WhiteElo "1890"]
[BlackElo "1820"]
[PlyCount "34"]
[EventDate "1995.??.??"]
[EventType "tourn"]
[EventRounds "9"]
[EventCountry "FRA"]
[SourceTitle "EXT 2005"]
[Source "ChessBase"]
[SourceDate "2004.11.15"]
[SourceVersion "1"]
[SourceVersionDate "2004.11.15"]
[SourceQuality "1"]

1. e4 e5 2. Nf3 Nf6 3. Bc4 Nxe4 4. Nc3 Nc6 5. 0-0 Nd6 6. Bd5 Be7 7. Re1 0-0 8. Nxe5 Nxe5 9. Rxe5 Bf6 10. Re1 c6 11. Bf3 Nf5 12. Ne4 d5 13. Nxf6+ Qxf6 14. c3 d4 15. Qb3 Rb8 16. d3 Be6 17. Qc2 Rbd8 1/2-1/2

[Event "Provence-ch access Vitrolles 9596"]
[Site "France"]
[Date "1995.??.??"]
[Round "4"]
[White "Wilfert, Fabrice"]
[Black "Montagard, Guillaume"]
[Result "0-1"]
[WhiteElo "1820"]
[BlackElo "1790"]
[PlyCount "124"]
[EventDate "1995.??.??"]
[EventType "tourn"]
[EventRounds "9"]
[EventCountry "FRA"]
[SourceTitle "EXT 2005"]
[Source "ChessBase"]
[SourceDate "2004.11.15"]
[SourceVersion "1"]
[SourceVersionDate "2004.11.15"]
[SourceQuality "1"]

1. e4 Nf6 2. Nc3 d5 3. e5 d4 4. Nce2 Ng4 5. f4 h5 6. Nf3 c5 7. Ng3 Nc6 8. Bc4 e6 9. Qe2 b6 10. d3 Bb7 11. 0-0 g6 12. Ne4 Be7 13. Bd2 0-0 14. h3 Nh6 15. g3 Na5 16. Bxa5 bxa5 17. Nfd2 Nf5 18. Rf2 Ne3 19. Bb3 h4 20. g4 Rc8 21. Nc4 Bxe4 22. dxe4 Nxc4 23. Bxc4 Qb6 24. b3 Qc6 25. Re1 Kh8 26. g5 Kg7 27. Qg4 Rcd8 28. Qxh4 Rh8 29. Qg4 Rh5 30. h4 Rdh8 31. Rh2 Bd8 32. Ree2 Qd7 33. f5 exf5 34. exf5 Qxf5 35. Qg3 Bxg5 36. Ref2 Be3 37. Kf1 Bxf2 38. Rxf2 Qxe5 39. Rxf7+ Kh6 40. Qf2 Rf5 41. Rxf5 Qxf5 42. Bd3 Qxf2+ 43. Kxf2 Kg7 44. Kg3 Re8 45. Kg4 Re1 46. a4 Kf6 47. Kf4 Rh1 48. Kg4 Rg1+ 49. Kf4 g5+ 50. hxg5+ Rxg5 51. Ke4 Re5+ 52. Kf4 Re1 53. Bc4 Ke7 54. Kf5 Kd6 55. Kf6 Ra1 56. Kf5 Ra2 57. Bd3 c4 58. Bxc4 Rxc2 59. Ke4 Kc5 60. Kd3 Rc3+ 61. Kd2 Rxc4 62. bxc4 Kxc4 0-1

[Event "Provence-ch prom Vitrolles 9394"]
[Site "France"]
[Date "1993.??.??"]
[Round "6"]
[White "Navarro, JM."]
[Black "Wilfert, Fabrice"]
[Result "0-1"]
[WhiteElo "1630"]
[BlackElo "1750"]
[PlyCount "94"]
[EventDate "1993.??.??"]
[EventType "tourn"]
[EventRounds "9"]
[EventCountry "FRA"]
[SourceTitle "EXT 2005"]
[Source "ChessBase"]
[SourceDate "2004.11.15"]
[SourceVersion "1"]
[SourceVersionDate "2004.11.15"]
[SourceQuality "1"]

1. d4 f5 2. Bg5 g6 3. h4 Bg7 4. e3 Nf6 5. Bc4 d5 6. Be2 Be6 7. Nc3 Nbd7 8. h5 Kf7 9. Nh3 Ne4 10. Nxe4 fxe4 11. Nf4 Bf6 12. Bg4 Bf5 13. hxg6+ hxg6 14. Rxh8 Qxh8 15. Bxf6 Nxf6 16. Be2 c6 17. Kd2 Qh4 18. g3 Qh2 19. Qg1 Rh8 20. Rf1 Qxg1 21. Rxg1 Rh2 22. Ke1 g5 23. Ng2 Bh3 24. Bf1 Ng4 25. Ke2 e5 26. f3 exf3+ 27. Kxf3 e4+ 28. Ke2 Ke7 29. c3 Kd6 30. Kd2 c5 31. Ke2 c4 32. Kd2 a5 33. Ke2 b5 34. Kd2 Kc6 35. b3 b4 36. bxc4 dxc4 37. cxb4 axb4 38. Kc1 Kd5 39. Be2 Nh6 40. Bf1 Nf5 41. Kb1 Nxg3 42. Ne1 Nxf1 43. Rxg5+ Kd6 44. Nc2 Nd2+ 45. Kc1 b3 46. axb3 cxb3 47. Na3 b2+ 0-1

[Event "Provence-ch prom Vitrolles 9394"]
[Site "France"]
[Date "1993.??.??"]
[Round "3"]
[White "Ortega, C1111"]
[Black "Wilfert, Fabrice"]
[Result "1/2-1/2"]
[WhiteElo "1830"]
[BlackElo "1750"]
[PlyCount "75"]
[EventDate "1993.??.??"]
[EventType "tourn"]
[EventRounds "9"]
[EventCountry "FRA"]
[SourceTitle "EXT 2005"]
[Source "ChessBase"]
[SourceDate "2004.11.15"]
[SourceVersion "1"]
[SourceVersionDate "2004.11.15"]
[SourceQuality "1"]

1. e4 e5 2. Nf3 Nc6 3. Bb5 a6 4. Bxc6 dxc6 5. d4 exd4 6. Qxd4 Qxd4 7. Nxd4 c5 8. Ne2 Bd7 9. Bf4 0-0-0 10. Nd2 Bb5 11. Nc3 Bc6 12. 0-0-0 Nf6 13. f3 Be7 14. Nc4 Rxd1+ 15. Rxd1 Rd8 16. Rxd8+ Bxd8 17. Ne5 Be8 18. Kd2 Nd7 19. Kd3 Bf6 20. Nxd7 Bxc3 21. Kxc3 Bxd7 22. Be3 b6 23. Bf2 Bc6 24. Kd3 Kd7 25. Ke3 Bb5 26. g4 Bc4 27. a3 Be6 28. h4 g6 29. Bg3 c6 30. Kf4 f6 31. e5 f5 32. Kg5 Bd5 33. f4 fxg4 34. Kxg4 h5+ 35. Kg5 Be4 36. c3 Ke6 37. Bf2 Bf5 38. Be1 1/2-1/2

[Event "Provence-ch prom Vitrolles 9394"]
[Site "France"]
[Date "1993.??.??"]
[Round "4"]
[White "Wilfert, Fabrice"]
[Black "Midoux, Sebastien"]
[Result "0-1"]
[WhiteElo "1750"]
[BlackElo "1930"]
[PlyCount "44"]
[EventDate "1993.??.??"]
[EventType "tourn"]
[EventRounds "9"]
[EventCountry "FRA"]
[SourceTitle "EXT 2005"]
[Source "ChessBase"]
[SourceDate "2004.11.15"]
[SourceVersion "1"]
[SourceVersionDate "2004.11.15"]
[SourceQuality "1"]

1. f4 e5 2. fxe5 d6 3. exd6 Bxd6 4. Nf3 g5 5. g3 g4 6. Nh4 Ne7 7. d4 Ng6 8. Ng2 Nc6 9. e4 Nxd4 10. Be2 h5 11. Bf4 Bxf4 12. gxf4 Nh4 13. 0-0 Nhf3+ 14. Kh1 Bd7 15. Nd2 Nxd2 16. Qxd2 Nxe2 17. Qxe2 Qe7 18. Rad1 0-0-0 19. Rd4 Bc6 20. Rfd1 Bxe4 21. Rxe4 Rxd1+ 22. Ne1 Qd7 0-1